Dlhodobý vplyv hnojenia na úrodu pšenice letnej f. ozimnej

Bibliographic Details
Main Authors: Ruckschloss, Ľubomír (Author), Hanková, Andrea (Author), Matušková, Katarína (Author)
Format: Article
Language:Slovak
PhysicalDescription:Obr., tab.
ISBN:9788088872870
Subjects:

MARC

LEADER 00000naa a2200000 a 4500
001 vtls010259081
003 SK-MaSNL
005 20260302140746.0
008 11030213c2008 xo o |0||||||||0|||b|sl
015 |a SNBRA2009/08 
035 |a SVKKK000096989 
038 |a SVKKK 
040 |a SVKKK  |b slo  |c SVKKK  |e AACR2 
041 0 |a slo  |b eng 
044 |a xo  |c SK 
080 |a 633.111  |x (437.6)  |2 1997 
080 |a 631.8  |2 1997 
100 1 |a Ruckschloss, Ľubomír  |4 aut  |9 777495 
245 1 0 |a Dlhodobý vplyv hnojenia na úrodu pšenice letnej f. ozimnej  |c Ľubomír Ruckschloss, Andrea Hanková, Katarína Matušková 
246 3 4 |a The long time effect of fertilization on the winter wheat yield 
300 |b Obr., tab. 
504 |a Bibliogr. odkazy 
504 |a Res. angl. 
650 0 7 |a pšenica letná  |2 SNKPH  |9 20377 
650 0 7 |a ozimná pšenica  |2 SNKPH  |9 28625 
700 1 |a Hanková, Andrea  |4 aut  |9 777496 
700 1 |a Matušková, Katarína  |4 aut  |9 337799 
773 0 |t Uplatnenie vedy v poľnohospodárstve v kontexte rozvoja vidieka a prihraničnej spolupráce s Ukrajinou : zborník referátov z odborného seminára s medzinárodnou účasťou, Zemplínska Šírava 29. - 30. máj 2008  |d Michalovce : Ústav agroekológie, 2008  |g S. 181-185  |z 9788088872870 
852 |a SVKKK  |b BIB 
958 |a NB 
958 |a SK 
999 |c 1332273  |d 1334203